000 00575nam a2200229Ia 4500
003 OSt
005 20221005125551.0
006 a|||||r|||| 00| 0
007 ta
008 221004b |||||||| |||| 00| 0 eng d
024 _a36224
037 _cTextual
040 _aCRL
_cCRL
_beng
041 _2eng
_aeng
082 _aN915v73:N5g14, J0
100 _aTaylor Deems
_9636835
245 0 _aPictorial history of the movies
260 _c1950
650 _aARTS
942 _hN915v73:N5g14, J0
_cTEXL
_2cc
999 _c1054379
_d1054379